000 00718cam a22002533a 4500
001 29312
003 PGUSA
005 20140828083632.0
008 090704s2009||||xxu|||||s|||||000 | eng d
040 _aPGUSA
_beng
042 _adc
050 4 _aE740
100 1 _aBurroughs, John,
_d1837-1921
245 1 0 _aCamping with President Roosevelt
_h[electronic resource] /
_cJohn Burroughs
260 _bProject Gutenberg,
_c2009
506 _aPublic domain in the USA.
516 _aElectronic text
653 _aYellowstone National Park
653 _aRoosevelt, Theodore, 1858-1919
653 _aCamping
830 0 _aProject Gutenberg
_v29312
856 4 0 _uhttp://www.gutenberg.org/ebooks/29312
942 _cEB
999 _c258567
_d258567